000 02513nam a2200289 i 4500
001 000000518
003 DO-SdBNP
005 20260527145007.0
007 ta
008 081212s2006 dr ac r 001 0 spa d
040 _aDO-SdBNP
_bspa
_cBNPHU
_erda
041 _aspa
082 4 _a364.36
_bL192s
_222
100 1 _aLake, Cristóbal
_91709
_4aut.
_eautor
245 1 0 _aSatanismo, pandillas y naciones /
_cCristóbal Lake.
264 _aSanto Domingo :
_bSecurity Plus,
_c2006.
300 _a255 páginas :
_bilustraciones, retratos ;
_c21 cm.
336 _atexto
_btxt
_2rdacontent
337 _asin mediación
_bn
_2rdamedia
338 _avolumen
_bnc
_2rdacarrier
505 0 _tPrefacio --
_tIntroducción --
_tAntecedente histórico internacional de las pandillas --
_tAntecedentes histórico nacional en República Dominicana --
_tInfluencia de los medios de comunicación ---
_tEntorno familiar --
_tAutoestima del individuo --
_tPerfil psicológico --
_t¿Que es una nación? --
_tEstructuración de una nación --
_tReglas que utilizan el capítulo amor y paz --
_tIniciación en una nación o capítulo --
_t¿Por qué la juventud se asocia a una nación? --
_tNaciones y capítulos, cuantos hay en R.D. --
_tCódigo de honor --
_tLos trinitarios --
_tLos Latin King --
_tLos Ñeta --
_tBloods: los sangres --
_tLos Mara-MS-13 (M-18) --
_tUso de los collares --
_tLos Cripz --
_tVestimenta, modismo y simbología --
_tGestos, ademanes, señas --
_tAlfabeto y graffity --
_tTatuaje --
_tNaciones y el satanismo --
_tGrupos satánicos, sectas satánicas y sus simbologías --
_tClasificación de los satanistas --
_ttLa misa negra --
_tPrimera iglesia satánica --
_tCaída de Lucifer --
_tDiferentes nombres atribuidos a Satanás --
_tDiccionario de jergas de las calles --
_tDiccionario de palabras --
_tHistoria de la religión rastafari --
_tHistoria de la quija. La quija juego o realidad --
_tLos mensajes ocultos de la producciones de Disney --
_tHistoria de los Dragon ball --
_tDiccionario satánico, entidades, figuras y símbolos --
_tRock, demonio y mensajes publiminares --
_tLa moda --
_tQué es en realidad halloween --
_tConclusión --
_tRecomendaciones con respecto al problema de la delincuencia juvenil --
_tCada hombre debe experimentar un cambio --
_tDiez reglas fáciles para formar un delincuente --
_tSe busca un amigo --
_tEstadística de pandilla --
_tBibliografía.
590 _aInventariado, 2026 /MFF
650 7 _aPandillas
_91710
650 7 _aDelincuencia juvenil
_91711
650 7 _aSatanismo
_91712
942 _2ddc
_cLBS1
999 _c516
_d516